Polscy Streamerzy - Statystyki

Ogólne statystyki
  • Ten quiz został rozwiązany 1 336 razy
  • Średni wynik to 5 z 15
Statystyki odpowiedzi
Podpowiedz Nazwa Streamera % Poprawnych
Zadyma Siu Siu Siu xayoo_
87%
nieumyty mop nervarien
53%
firmóweczka arquel
50%
bonczol bonkol
50%
ten z kropką na czole rockalone
47%
Jakub Turewicz kubon_
41%
ten lepszy od xayoo izakooo
35%
don grande pago3
33%
ten dobry fortnajt ewroon
30%
czarnyogienlód blackfireice
21%
ome.tv thenitrozyniak
15%
ten gruby co gra w lige na d delordione
11%
ten gruby pajalockk
10%
puniooooooo puniogaming
8%
grid 2 rage inet_saju
4%
Nie znaleziono quizów pasujących do podanych kryteriów
Rozkład punktacji
Procent ludzi z każdym wynikiem
Percentyl według liczby udzielonych odpowiedzi
Twoja historia wyników
Nie rozwiązałeś tego quizu